Statistics for US States with most German-Americans

Click here to take the quiz!

General Stats

  • This quiz has been taken 59 times
  • The average score is 12 of 15

Answer Stats

% Count Answer % Correct
46.8290,452North Dakota
87%
26.53,231,788Ohio
87%
44.5334,068South Dakota
87%
25.8856,348Kansas
85%
25.9144,972Wyoming
85%
42.7738,894Nebraska
83%
35.71,169,638Iowa
81%
38.41,949,346Minnesota
81%
27.0282,130Montana
80%
43.82,455,980Wisconsin
80%
22.61,629,766Indiana
78%
25.44,491,269Pennsylvania
78%
22.01,090,983Colorado
69%
23.51,576,813Missouri
57%
20.5811,780Oregon
52%

Score Distribution

Percentile by Number Answered

Percent of People with Each Score

Your Score History

You have not taken this quiz